000 00670nam a2200229Ia 4500
003 OSt
005 20251030095449.0
008 210716s2003 xx 000 0 und d
020 _a201440997
040 _cAIMIT LIBRARY
041 _aeng
082 _a005.8
_21
_bBISM
100 _aBishop, Matt.
_9243186
245 _aComputer security :
_bart and science /
_cBy Matt Bishop.
250 _a1st ed.
260 _aBoston :
_bAddison Wesley ,
_c2003.
300 _axli,1084p. ;
_bPB
_c24.5 cm
650 _aPolicy
_9243187
650 _aImplementation I : cryptography
_9243188
650 _aImplementation II : systems
_9243189
942 _2ddc
_cBK
_e1st
_k005.8 BISM
999 _c182276
_d182276